000 00587nam a2200193Ia 4500
003 GCL
008 140319s9999 xx 000 0 ara d
040 _aGCL /
_cGCL
082 0 4 _a891.62
_bا ك
100 1 _aعبدالقادر القط
245 1 0 _aكفاح الأحرار /
_cعبدالقادر القط
700 1 _aمحمود مسعود
700 1 _aافلارتى، ليام
300 _a384
490 _aالالف كتاب
_v0
650 0 4 _aالادب الايرلندى المترجم
650 0 4 _aالقصص الإيرلنديه المترجمه
942 _2ddc
_cBK
999 _c43584
_d43584